The weeknd - After Hours - Statistics

General Stats
  • This quiz has been taken 161 times
  • The average score is 11 of 14
Answer Stats
The name of songs Numbers of views on spotify
(hint)
% Correct
13 After Hours 995 mln
97%
9 Blinding Lights 4 450 bln
93%
11 Save Your Tears 2 098 bln
86%
8 Faith 193 mln
84%
1 Alone Again 186 mln
83%
7 Heartless 1 012 bln
83%
10 In Your Eyes 966 mln
81%
5 Snowchild 159 mln
80%
3 Hardest to Love 192 mln
78%
6 Escape from LA 186 mln
77%
4 Scared to Live 169 mln
74%
2 Too Late 184 mln
74%
14 Until I Bleed Out 110 mln
74%
12 Repeat After Me (interludium) 115 mln
68%
No matching quizzes found
Score Distribution
Percent of People with Each Score
Percentile by Number Answered
Your Score History
You have not taken this quiz